000 00598cab a2200217 4500
001 X2137
008 090401t1995 xxu||||| |||| 00| 0 eng d
035 _a(Sirsi) u21995
041 _aeng
100 _aJenkins, D.
245 _aExpert systems and residential valuation
260 _c1995
350 _a0
490 _aCSM (Chartered Surveyor Monthly)
_v4(5) March 1995, 52(1)
650 _aEXPERT SYSTEMS
650 _aKNOWLEDGE-BASED SYSTEMS
650 _aRESIDENTIAL VALUATION
690 _aMANAGEMENT-BUSINESS MANAGEMENT-INFORMATION MANAGEMENT
942 _n0
948 _c04/03/1997
999 _c14732
_d14732